| 000 | 00918nam a22002417a 4500 | ||
|---|---|---|---|
| 001 | 06615 | ||
| 003 | HDC | ||
| 008 | 210124p2013 n |0 eng | ||
| 040 | _aHDC | ||
| 100 |
_aSiti Hasnah Hassan _eauthor _92179 |
||
| 245 | 0 |
_aExperience of Non-Muslim Consumers on Halal as Third Party Certification Mark in Malaysia / _cSiti Hasnah Hassan and Haslenna Hamdan |
|
| 260 |
_a[No place] : _bCanadian Center of Science and Education, _c2013 |
||
| 336 |
_atext _2rdacontent |
||
| 337 |
_acomputer _2rdamedia |
||
| 338 |
_aonline resource _2rdacarrier |
||
| 650 |
_aHalal food _zMalaysia _9332 |
||
| 650 |
_aThird party certification mark, _97053 |
||
| 650 |
_aTrademarks _97054 |
||
| 856 | _zRequest full-text at [email protected] | ||
| 942 | _2lcc | ||
| 942 | _cAR | ||
| 942 | _kJART 000584 | ||
| 999 |
_c3939 _d3939 |
||